[Event "Defi Nez rouge B"]
[Site "Gatineau CAN"]
[Date "2008.12.16"]
[Round "4"]
[White "Huard, Martin"]
[Black "Menard, Marc"]
[Result "1/2-1/2"]
[WhiteElo "1152"]
[BlackElo "1593"]
[PlyCount "111"]
[GameId "2160767910286088"]
[EventDate "2008.11.25"]
[EventType "swiss"]
[EventRounds "5"]
[EventCountry "CAN"]
[SourceTitle "EXT 2022"]
[Source "ChessBase"]
[SourceDate "2021.10.06"]
[SourceVersion "1"]
[SourceVersionDate "2021.10.06"]
[SourceQuality "1"]

1. e4 e5 2. Nf3 Nc6 3. Bb5 a6 4. Ba4 Nf6 5. d3 b5 6. Bb3 Be7 7. O-O O-O 8. a3 d5 9. Nc3 dxe4 10. Nxe4 Bg4 11. Be3 Nd5 12. Bxd5 Qxd5 13. h3 Bh5 14. g4 Bg6 15. Nc3 Qd7 16. Bg5 f5 17. Bxe7 Qxe7 18. Nh2 Rad8 19. Qd2 e4 20. Rae1 Nd4 21. Ne2 c5 22. Nxd4 Rxd4 23. f3 Qd6 24. Kg2 c4 25. fxe4 fxe4 26. Rxf8+ Kxf8 27. Qf2+ Kg8 28. Nf1 exd3 29. cxd3 Rxd3 30. Ng3 Rd2 31. Re2 Qd5+ 32. Qf3 a5 33. Kf2 Qd4+ 34. Qe3 Rxe2+ 35. Nxe2 Qxb2 36. Qe6+ Kf8 37. Qd6+ Kf7 38. Qc7+ Kf6 39. Qxa5 Qe5 40. Qc3 Bd3 41. Qxe5+ Kxe5 42. Nc3 Kd4 43. Nxb5+ Kc5 44. Nc3 Kb6 45. Ke3 g5 46. Kd4 Bf1 47. Ne4 h6 48. Nd2 Bxh3 49. Nxc4+ Kb5 50. Ne3 Bxg4 51. Nxg4 h5 52. Ke3 Ka4 53. Kf3 Kxa3 54. Nf6 h4 55. Kg4 Kb3 56. Ne4 1/2-1/2

[Event "Defi Nez rouge B"]
[Site "Gatineau CAN"]
[Date "2008.12.16"]
[Round "4"]
[White "Labelle, Raymond"]
[Black "Lavergne, Daniel"]
[Result "0-1"]
[WhiteElo "1315"]
[BlackElo "1656"]
[PlyCount "39"]
[GameId "2160767910286089"]
[EventDate "2008.11.25"]
[EventType "swiss"]
[EventRounds "5"]
[EventCountry "CAN"]
[SourceTitle "EXT 2022"]
[Source "ChessBase"]
[SourceDate "2021.10.06"]
[SourceVersion "1"]
[SourceVersionDate "2021.10.06"]
[SourceQuality "1"]

1. e4 d5 2. exd5 Nf6 3. Nc3 c6 4. dxc6 Nxc6 5. Bb5 e5 6. h3 Bc5 7. Nf3 O-O 8. O-O Qc7 9. Re1 Re8 10. a3 e4 11. Ng5 Bf5 12. d3 e3 13. Bxe3 Bxe3 14. Rxe3 Rxe3 15. fxe3 Qg3 16. Nce4 Qxe3+ 17. Kf1 Nxe4 18. dxe4 Qxg5 19. exf5 Qxf5+ 20. Qf3 0-1

[Event "Defi Nez rouge B"]
[Site "Gatineau CAN"]
[Date "2008.12.16"]
[Round "4"]
[White "Lacourse, Guy"]
[Black "Jani, Louis"]
[Result "1-0"]
[WhiteElo "1572"]
[BlackElo "1424"]
[PlyCount "71"]
[GameId "2160767910286090"]
[EventDate "2008.11.25"]
[EventType "swiss"]
[EventRounds "5"]
[EventCountry "CAN"]
[SourceTitle "EXT 2022"]
[Source "ChessBase"]
[SourceDate "2021.10.06"]
[SourceVersion "1"]
[SourceVersionDate "2021.10.06"]
[SourceQuality "1"]

1. d4 d5 2. c4 e6 3. Nc3 Nf6 4. Bg5 Be7 5. e3 O-O 6. Nf3 c6 7. Rc1 Nbd7 8. h3 h6 9. Bh4 Re8 10. Bd3 Qb6 11. Qb3 Qxb3 12. axb3 Bd6 13. Bxf6 Nxf6 14. O-O b6 15. cxd5 exd5 16. Nd2 Rb8 17. Ncb1 Bd7 18. Nc3 Re7 19. Na4 Nh7 20. Rfe1 f5 21. f4 Nf6 22. Nf3 Rc8 23. Ne5 Bxe5 24. dxe5 Nh7 25. Rc2 g5 26. g3 Be6 27. Nc3 Rd7 28. Nb5 gxf4 29. exf4 c5 30. Nd6 Rcd8 31. Nxf5 Rf8 32. Nd6 Bxh3 33. Rh2 Be6 34. Rxh6 Bg4 35. Kg2 Rg7 36. Reh1 1-0

[Event "Defi Nez rouge B"]
[Site "Gatineau CAN"]
[Date "2008.12.16"]
[Round "4"]
[White "MacIsaac, Alexandre"]
[Black "Levesque, Andre"]
[Result "1-0"]
[WhiteElo "1404"]
[BlackElo "1249"]
[PlyCount "129"]
[GameId "2160767910286091"]
[EventDate "2008.11.25"]
[EventType "swiss"]
[EventRounds "5"]
[EventCountry "CAN"]
[SourceTitle "EXT 2022"]
[Source "ChessBase"]
[SourceDate "2021.10.06"]
[SourceVersion "1"]
[SourceVersionDate "2021.10.06"]
[SourceQuality "1"]

1. e4 c5 2. Nf3 Nc6 3. d4 cxd4 4. Nxd4 g6 5. Nc3 Bg7 6. Be3 Nf6 7. f3 O-O 8. Qd2 d6 9. Bc4 Bd7 10. O-O-O Rc8 11. Bb3 a6 12. h4 Nxd4 13. Bxd4 Qc7 14. h5 e5 15. Be3 Nxh5 16. Bh6 Be6 17. Bxg7 Kxg7 18. g4 Nf4 19. Ne2 Nxe2+ 20. Qxe2 Bxb3 21. axb3 Rh8 22. Rd2 Qd8 23. Qe3 h6 24. Rdh2 Qg5 25. Qxg5 hxg5 26. Rxh8 Rxh8 27. Rxh8 Kxh8 28. Kd2 Kg7 29. Kc3 Kf6 30. Kb4 Ke6 31. Ka5 f5 32. Kb6 fxg4 33. fxg4 d5 34. exd5+ Kxd5 35. c4+ Ke4 36. c5 Kd4 37. b4 e4 38. Kxb7 e3 39. c6 e2 40. c7 e1=Q 41. c8=Q Qxb4+ 42. Ka7 Qe7+ 43. Kxa6 Qe2+ 44. Ka7 Qe7+ 45. Qb7 Qe3 46. Qb6+ Ke4 47. Qxe3+ Kxe3 48. b4 Kf4 49. b5 Kxg4 50. b6 Kf3 51. b7 g4 52. b8=Q g3 53. Qb1 Kg2 54. Qxg6 Kh2 55. Qh5+ Kg2 56. Kb6 Kf2 57. Qf5+ Kg1 58. Kc5 g2 59. Qf4 Kh1 60. Qh4+ Kg1 61. Kd4 Kf1 62. Qf4+ Kg1 63. Kd3 Kh1 64. Qh4+ Kg1 65. Ke3 1-0

[Event "Defi Nez rouge B"]
[Site "Gatineau CAN"]
[Date "2008.12.16"]
[Round "4"]
[White "Pilon, Robert"]
[Black "Berthiaume, Patrick"]
[Result "1-0"]
[WhiteElo "1443"]
[BlackElo "1250"]
[PlyCount "107"]
[GameId "2160767910286092"]
[EventDate "2008.11.25"]
[EventType "swiss"]
[EventRounds "5"]
[EventCountry "CAN"]
[SourceTitle "EXT 2022"]
[Source "ChessBase"]
[SourceDate "2021.10.06"]
[SourceVersion "1"]
[SourceVersionDate "2021.10.06"]
[SourceQuality "1"]

1. e4 c5 2. Nf3 e6 3. c3 d5 4. exd5 exd5 5. d4 Nc6 6. Be3 Qb6 7. Qc2 c4 8. Nbd2 Nf6 9. Be2 g6 10. Nh4 Ng4 11. Bxg4 Bxg4 12. h3 Be6 13. f4 Ne7 14. Ndf3 Nf5 15. Nxf5 Bxf5 16. Qd2 O-O-O 17. O-O Bd6 18. Ne5 Bxe5 19. dxe5 Qe6 20. b4 Rhe8 21. Bd4 h5 22. a4 a6 23. a5 Bd3 24. Rf2 Kb8 25. Qb2 Qc6 26. Qd2 Re6 27. Rf3 h4 28. Qf2 Rh8 29. Kh2 Rh5 30. Rg1 Be4 31. g4 Bxf3 32. gxh5 Bxh5 33. Qxh4 Qd7 34. Qf2 f5 35. Rg3 Qf7 36. Ba7+ Ka8 37. Bb6 Qd7 38. Qc5 Rc6 39. Qf8+ Rc8 40. Qf6 Rc6 41. Qg5 Re6 42. Rg2 Qe7 43. Qg3 Qd7 44. Rd2 Qc6 45. Qg2 Re7 46. Qxd5 Qxd5 47. Rxd5 Re8 48. Rd4 Be2 49. Kg3 Kb8 50. Rd6 Bh5 51. Kh4 Kc8 52. Kg5 Rf8 53. e6 Re8 54. e7 1-0

[Event "Defi Nez rouge B"]
[Site "Gatineau CAN"]
[Date "2008.12.16"]
[Round "4"]
[White "Scantland, Patrick"]
[Black "Gagnon, Fabien"]
[Result "1-0"]
[WhiteElo "1673"]
[BlackElo "1920"]
[PlyCount "79"]
[GameId "2160767910286093"]
[EventDate "2008.11.25"]
[EventType "swiss"]
[EventRounds "5"]
[EventCountry "CAN"]
[SourceTitle "EXT 2022"]
[Source "ChessBase"]
[SourceDate "2021.10.06"]
[SourceVersion "1"]
[SourceVersionDate "2021.10.06"]
[SourceQuality "1"]

1. d4 Nf6 2. c4 g6 3. Nc3 d5 4. cxd5 Nxd5 5. e4 Nxc3 6. bxc3 Bg7 7. Nf3 O-O 8. h4 h5 9. Be3 c5 10. Be2 Bg4 11. Qd2 Nc6 12. Rd1 Qa5 13. O-O Rfd8 14. Qb2 cxd4 15. cxd4 Rd7 16. Rd3 Rad8 17. Rfd1 Bxf3 18. Bxf3 Ne5 19. Ra3 Qc7 20. Rc1 Nxf3+ 21. gxf3 Qb8 22. Rd1 Rc8 23. Qb5 Rcd8 24. d5 b6 25. Rad3 Bf6 26. f4 Bxh4 27. e5 Qb7 28. Qc4 Qb8 29. Qe4 Qb7 30. f5 g5 31. e6 Rd6 32. Qf3 fxe6 33. fxe6 Rxe6 34. Qxh5 Rxe3 35. Qg6+ Kh8 36. fxe3 Qc7 37. d6 Qc4 38. Qh5+ Kg7 39. dxe7 Rxd3 40. e8=Q 1-0

[Event "Defi Nez rouge B"]
[Site "Gatineau CAN"]
[Date "2008.12.16"]
[Round "4"]
[White "Thibault, Mario"]
[Black "Sabourin, Yves"]
[Result "1-0"]
[WhiteElo "1628"]
[BlackElo "1299"]
[PlyCount "105"]
[GameId "2160767910286094"]
[EventDate "2008.11.25"]
[EventType "swiss"]
[EventRounds "5"]
[EventCountry "CAN"]
[SourceTitle "EXT 2022"]
[Source "ChessBase"]
[SourceDate "2021.10.06"]
[SourceVersion "1"]
[SourceVersionDate "2021.10.06"]
[SourceQuality "1"]

1. Nf3 d5 2. b3 c5 3. e3 Bg4 4. h3 Bh5 5. Bb2 Nc6 6. Bb5 Qb6 7. Nc3 e6 8. g4 Bg6 9. Ne5 Bd6 10. Bxc6+ bxc6 11. Na4 Qc7 12. Nxc6 e5 13. Nxe5 Bxe5 14. Nc3 Ne7 15. f4 Bxc3 16. Bxc3 f6 17. d3 Rc8 18. Qd2 a6 19. O-O-O Nc6 20. Rhe1 Nb4 21. Kb2 O-O 22. a3 Nc6 23. Qg2 d4 24. Bd2 dxe3 25. Bxe3 Nd4 26. c3 Nb5 27. a4 Nd6 28. h4 Bf7 29. Rb1 Qb7 30. Qc2 c4 31. dxc4 Nxc4+ 32. Ka2 Nxe3 33. Rxe3 Rfe8 34. Rxe8+ Rxe8 35. Qf2 Rb8 36. Qc2 Qf3 37. c4 Qxf4 38. Qg2 Qc7 39. Rb2 Bxc4 40. bxc4 Qxc4+ 41. Kb1 Rxb2+ 42. Kxb2 Qb4+ 43. Kc1 Qxa4 44. Qd5+ Kf8 45. Qd6+ Ke8 46. Qe6+ Kd8 47. Qg8+ Ke7 48. Qxg7+ Ke6 49. Qg8+ Ke5 50. Qb8+ Ke6 51. Qc8+ Ke5 52. Qf5+ Kd4 53. Qf4+ 1-0

[Event "Defi Nez rouge B"]
[Site "Gatineau CAN"]
[Date "2009.01.06"]
[Round "5"]
[White "Berthiaume, Serge"]
[Black "Thibault, Mario"]
[Result "0-1"]
[WhiteElo "1232"]
[BlackElo "1628"]
[PlyCount "106"]
[GameId "2160767910286096"]
[EventDate "2008.11.25"]
[EventType "swiss"]
[EventRounds "5"]
[EventCountry "CAN"]
[SourceTitle "EXT 2022"]
[Source "ChessBase"]
[SourceDate "2021.10.06"]
[SourceVersion "1"]
[SourceVersionDate "2021.10.06"]
[SourceQuality "1"]

1. d4 Nf6 2. Nf3 e6 3. Bf4 b6 4. e3 Bb7 5. a3 Be7 6. Nc3 d6 7. Bd3 Nbd7 8. Qe2 O-O 9. O-O-O d5 10. e4 dxe4 11. Nxe4 Nxe4 12. Bxe4 Bxe4 13. Qxe4 Nf6 14. Qe2 Nd5 15. Bg3 Qe8 16. h4 c5 17. c4 Nf6 18. dxc5 Bxc5 19. Bd6 Bxd6 20. Rxd6 Rc8 21. Kb1 Qa4 22. Ne5 b5 23. cxb5 Rc5 24. Nd7 Nxd7 25. Rxd7 Rxb5 26. Qe3 Rxb2+ 27. Kxb2 Qxd7 28. Rb1 Rb8+ 29. Ka1 Rxb1+ 30. Kxb1 h5 31. g3 g6 32. Kb2 Kf8 33. Qc5+ Ke8 34. Kc3 Kd8 35. Kb4 Qb7+ 36. Ka4 Kd7 37. Qd4+ Ke8 38. Qc5 Qd7+ 39. Kb4 Qe7 40. Qxe7+ Kxe7 41. Kb5 Kd6 42. Ka6 e5 43. Kxa7 Kc7 44. Ka6 Kc6 45. Ka7 f6 46. Ka6 g5 47. Ka7 gxh4 48. gxh4 e4 49. Kb8 f5 50. a4 f4 51. a5 Kb5 52. Kc7 e3 53. a6 Kxa6 0-1

[Event "Defi Nez rouge B"]
[Site "Gatineau CAN"]
[Date "2009.01.06"]
[Round "5"]
[White "Blouin, Francois"]
[Black "Lacourse, Guy"]
[Result "0-1"]
[WhiteElo "1617"]
[BlackElo "1572"]
[PlyCount "64"]
[GameId "2160767910286097"]
[EventDate "2008.11.25"]
[EventType "swiss"]
[EventRounds "5"]
[EventCountry "CAN"]
[SourceTitle "EXT 2022"]
[Source "ChessBase"]
[SourceDate "2021.10.06"]
[SourceVersion "1"]
[SourceVersionDate "2021.10.06"]
[SourceQuality "1"]

1. e4 c5 2. Nc3 Nc6 3. d3 g6 4. Be3 d6 5. Qd2 Bg7 6. g3 Nd4 7. Bg2 Bd7 8. Nge2 Bh3 9. O-O Bxg2 10. Kxg2 e6 11. Bg5 f6 12. Be3 Ne7 13. Nxd4 cxd4 14. Bxd4 Nc6 15. Be3 O-O 16. Rab1 a6 17. Ne2 Ne5 18. Bh6 Ng4 19. Bxg7 Kxg7 20. h3 Ne5 21. Nd4 Qd7 22. c3 Rac8 23. f4 Nf7 24. Qf2 d5 25. f5 Nd8 26. fxe6 Nxe6 27. Rbe1 dxe4 28. Nxe6+ Qxe6 29. c4 Qc6 30. Rxe4 f5 31. Qd4+ Kg8 32. Rfe1 fxe4 0-1

[Event "Defi Nez rouge B"]
[Site "Gatineau CAN"]
[Date "2009.01.06"]
[Round "5"]
[White "Desjardins, Michel"]
[Black "Huard, Martin"]
[Result "1-0"]
[WhiteElo "1941"]
[BlackElo "1152"]
[PlyCount "29"]
[GameId "2160767910286098"]
[EventDate "2008.11.25"]
[EventType "swiss"]
[EventRounds "5"]
[EventCountry "CAN"]
[SourceTitle "EXT 2022"]
[Source "ChessBase"]
[SourceDate "2021.10.06"]
[SourceVersion "1"]
[SourceVersionDate "2021.10.06"]
[SourceQuality "1"]

1. e4 e5 2. Nc3 Bc5 3. Bc4 d6 4. d3 Nf6 5. f4 Ng4 6. f5 Nf2 7. Qh5 O-O 8. Bg5 Qe8 9. Nd5 Nc6 10. Nf6+ gxf6 11. Bxf6 Ne7 12. Qh6 Nxf5 13. exf5 Bb4+ 14. Kxf2 Bc5+ 15. Kf1 1-0

[Event "Defi Nez rouge B"]
[Site "Gatineau CAN"]
[Date "2009.01.06"]
[Round "5"]
[White "Guimond, Michel"]
[Black "Scantland, Patrick"]
[Result "1-0"]
[WhiteElo "1869"]
[BlackElo "1686"]
[PlyCount "59"]
[GameId "2160767910286099"]
[EventDate "2008.11.25"]
[EventType "swiss"]
[EventRounds "5"]
[EventCountry "CAN"]
[SourceTitle "EXT 2022"]
[Source "ChessBase"]
[SourceDate "2021.10.06"]
[SourceVersion "1"]
[SourceVersionDate "2021.10.06"]
[SourceQuality "1"]

1. e4 c5 2. Nf3 d6 3. d4 cxd4 4. Nxd4 Nf6 5. Nc3 a6 6. Bc4 e6 7. Bb3 Nbd7 8. Bxe6 fxe6 9. Nxe6 Qb6 10. O-O Ne5 11. Be3 Qc6 12. Nd4 Qc4 13. Bg5 Be6 14. Bxf6 gxf6 15. f4 Nc6 16. Nxe6 Qxe6 17. Nd5 O-O-O 18. Qd3 Kb8 19. b4 Bg7 20. b5 f5 21. bxc6 Rc8 22. Rab1 Rxc6 23. exf5 Qf7 24. Nb4 Rc4 25. Nxa6+ Ka7 26. Nb4 Bd4+ 27. Kh1 Bc3 28. Nd5 Rhc8 29. Nb6 R8c6 30. Nxc4 1-0

[Event "Defi Nez rouge B"]
[Site "Gatineau CAN"]
[Date "2009.01.06"]
[Round "5"]
[White "Jiang, Qizhe"]
[Black "Beland, Guy"]
[Result "1-0"]
[WhiteElo "974"]
[BlackElo "1350"]
[PlyCount "41"]
[GameId "2160767910286100"]
[EventDate "2008.11.25"]
[EventType "swiss"]
[EventRounds "5"]
[EventCountry "CAN"]
[SourceTitle "EXT 2022"]
[Source "ChessBase"]
[SourceDate "2021.10.06"]
[SourceVersion "1"]
[SourceVersionDate "2021.10.06"]
[SourceQuality "1"]

1. e4 c5 2. Nc3 e6 3. Nf3 Nc6 4. Bc4 Nf6 5. d4 cxd4 6. Nxd4 Bc5 7. Nxc6 bxc6 8. e5 Ne4 9. Nxe4 d5 10. exd6 O-O 11. Nxc5 Qa5+ 12. Qd2 Qxc5 13. b3 Rd8 14. Bb2 Rxd6 15. Bd3 Ba6 16. c4 Rad8 17. Qc3 f6 18. Rd1 e5 19. O-O Rd4 20. Be2 Bc8 21. Qe3 1-0

[Event "Defi Nez rouge B"]
[Site "Gatineau CAN"]
[Date "2009.01.06"]
[Round "5"]
[White "Levesque, Andre"]
[Black "Van Dusen, Eric"]
[Result "0-1"]
[WhiteElo "1249"]
[BlackElo "1880"]
[PlyCount "60"]
[GameId "2160767910286101"]
[EventDate "2008.11.25"]
[EventType "swiss"]
[EventRounds "5"]
[EventCountry "CAN"]
[SourceTitle "EXT 2022"]
[Source "ChessBase"]
[SourceDate "2021.10.06"]
[SourceVersion "1"]
[SourceVersionDate "2021.10.06"]
[SourceQuality "1"]

1. e4 g6 2. d4 Bg7 3. Nf3 d6 4. Nc3 a6 5. Bc4 e6 6. O-O b5 7. Bb3 Bb7 8. d5 e5 9. a4 b4 10. Ne2 Nf6 11. Ng3 O-O 12. Bd2 a5 13. c4 Nbd7 14. Bc2 Nc5 15. b3 h5 16. Re1 Nh7 17. Qc1 h4 18. Nf1 f5 19. Bh6 fxe4 20. Bxg7 Kxg7 21. Rxe4 Nxe4 22. Bxe4 Rf4 23. Qc2 Ng5 24. N1d2 Bc8 25. g3 hxg3 26. Nxg5 gxf2+ 27. Kh1 Qxg5 28. Nf3 Qg4 29. Rf1 Rxf3 30. Bxf3 Qxf3# 0-1

[Event "Defi Nez rouge B"]
[Site "Gatineau CAN"]
[Date "2009.01.06"]
[Round "5"]
[White "Menard, Marc"]
[Black "Duret, Serge"]
[Result "1-0"]
[WhiteElo "1593"]
[BlackElo "1001"]
[PlyCount "86"]
[GameId "2160767910286102"]
[EventDate "2008.11.25"]
[EventType "swiss"]
[EventRounds "5"]
[EventCountry "CAN"]
[SourceTitle "EXT 2022"]
[Source "ChessBase"]
[SourceDate "2021.10.06"]
[SourceVersion "1"]
[SourceVersionDate "2021.10.06"]
[SourceQuality "1"]

1. e4 c5 2. Nf3 Nc6 3. d4 cxd4 4. Nxd4 d6 5. Nc3 Nf6 6. Bb5 Bd7 7. O-O g6 8. Bg5 e5 9. Nd5 Bg7 10. Nb3 O-O 11. f3 a6 12. Bxc6 bxc6 13. Nc3 Qb6+ 14. Kh1 c5 15. Qd2 c4 16. Nc1 Qxb2 17. Rb1 Qa3 18. Rb6 Rab8 19. Rxd6 Rb2 20. Bxf6 Ba4 21. Nxa4 Qxa4 22. Bxg7 Kxg7 23. h3 Qxc2 24. Qxc2 Rxc2 25. Rxa6 Rc8 26. Rd1 c3 27. Nb3 Rb2 28. Kh2 c2 29. Rc1 Rb1 30. Rd6 Rxc1 31. Nxc1 Rb8 32. Rc6 Rb2 33. a4 Rb1 34. Rxc2 Ra1 35. Rc4 Rb1 36. a5 Rb7 37. a6 Ra7 38. Ra4 f5 39. Nd3 Kf6 40. Ra5 fxe4 41. fxe4 h5 42. Nxe5 Rxa6 43. Nd7+ Ke6 1-0

[Event "Defi Nez rouge B"]
[Site "Gatineau CAN"]
[Date "2009.01.06"]
[Round "5"]
[White "Pilon, Robert"]
[Black "Arsenault, Yves"]
[Result "1-0"]
[WhiteElo "1443"]
[BlackElo "1479"]
[PlyCount "93"]
[GameId "2160767910286103"]
[EventDate "2008.11.25"]
[EventType "swiss"]
[EventRounds "5"]
[EventCountry "CAN"]
[SourceTitle "EXT 2022"]
[Source "ChessBase"]
[SourceDate "2021.10.06"]
[SourceVersion "1"]
[SourceVersionDate "2021.10.06"]
[SourceQuality "1"]

1. e4 c5 2. Nf3 Nc6 3. c3 e5 4. Bb5 d6 5. h3 Nf6 6. d3 Be7 7. Bg5 O-O 8. O-O a6 9. Bxc6 bxc6 10. Na3 Be6 11. Nc2 Qc7 12. Re1 Rfe8 13. b3 h6 14. Bh4 Nh5 15. Bxe7 Rxe7 16. Nxe5 Nf4 17. Nf3 Rf8 18. Qd2 g5 19. e5 d5 20. d4 cxd4 21. Ncxd4 Bd7 22. Ne2 Ng6 23. Ng3 Nxe5 24. Nxg5 f6 25. Nf3 Nxf3+ 26. gxf3 Rh7 27. Kh2 Rff7 28. Re3 f5 29. Rg1 Kf8 30. Ree1 Bc8 31. f4 Qd6 32. Re5 h5 33. Qe2 Qd7 34. Nxh5 Rh6 35. Rg5 Qd8 36. Qf3 Re7 37. Qg2 Rh8 38. Nf6 Be6 39. Rexf5 Rf7 40. Nh7+ Ke7 41. Rxf7+ Bxf7 42. Re5+ Kd6 43. Qg7 Qg8 44. Qf6+ Be6 45. Ng5 Qc8 46. Rxe6+ Kc5 47. Qd4+ 1-0

[Event "Defi Nez rouge B"]
[Site "Gatineau CAN"]
[Date "2009.01.06"]
[Round "5"]
[White "Sabourin, Yves"]
[Black "Labelle, Raymond"]
[Result "1-0"]
[WhiteElo "1299"]
[BlackElo "1315"]
[PlyCount "83"]
[GameId "2160767910286104"]
[EventDate "2008.11.25"]
[EventType "swiss"]
[EventRounds "5"]
[EventCountry "CAN"]
[SourceTitle "EXT 2022"]
[Source "ChessBase"]
[SourceDate "2021.10.06"]
[SourceVersion "1"]
[SourceVersionDate "2021.10.06"]
[SourceQuality "1"]

1. d4 Nf6 2. c4 e6 3. Nc3 d5 4. Bg5 Be7 5. Nf3 O-O 6. e3 Nbd7 7. Bd3 b6 8. cxd5 exd5 9. Qc2 Re8 10. Bxf6 Nxf6 11. Ne5 Bd6 12. Nb5 Bb4+ 13. Ke2 Re7 14. Nc6 Qe8 15. Nxe7+ Qxe7 16. Qxc7 Qf8 17. a3 Be7 18. Rhc1 a6 19. Nc3 b5 20. Qa5 Bd8 21. Qb4 Be7 22. Qb3 Be6 23. Qc2 Bd6 24. Bf5 Qe7 25. Bxe6 Qxe6 26. h3 Re8 27. Kf1 Bh2 28. Ne2 Ne4 29. Qc6 Qe7 30. Rc2 Kf8 31. g3 Qg5 32. Kg2 Re6 33. Qc8+ Re8 34. Qg4 Qf6 35. Qf3 Qg6 36. Rac1 Ng5 37. Qxd5 Qh5 38. Qd6+ Kg8 39. Nf4 Qf3+ 40. Kxh2 Ne4 41. Qd7 Kf8 42. Qg4 1-0

[Event "Defi Nez rouge B"]
[Site "Gatineau CAN"]
[Date "2009.01.06"]
[Round "5"]
[White "Thibault, David"]
[Black "Robert, Danyka"]
[Result "1-0"]
[WhiteElo "1713"]
[BlackElo "1039"]
[PlyCount "21"]
[GameId "2160767910286105"]
[EventDate "2008.11.25"]
[EventType "swiss"]
[EventRounds "5"]
[EventCountry "CAN"]
[SourceTitle "EXT 2022"]
[Source "ChessBase"]
[SourceDate "2021.10.06"]
[SourceVersion "1"]
[SourceVersionDate "2021.10.06"]
[SourceQuality "1"]

1. e4 e5 2. Nf3 Nf6 3. Nc3 Nc6 4. Bc4 Nxe4 5. Nxe4 h5 6. Bb3 b6 7. d3 a5 8. c3 Rh6 9. Bxh6 gxh6 10. Nfd2 Ne7 11. Nf6# 1-0

[Event "Eastern Ontario op"]
[Site "Ottawa CAN"]
[Date "2008.05.30"]
[Round "1"]
[White "Mayo, Alvah"]
[Black "Pacey, Kevin"]
[Result "0-1"]
[WhiteElo "2113"]
[BlackElo "2260"]
[PlyCount "56"]
[GameId "2160767910354503"]
[EventDate "2008.05.30"]
[EventType "swiss"]
[EventRounds "5"]
[EventCountry "CAN"]
[SourceTitle "EXT 2011"]
[Source "ChessBase"]
[SourceDate "2011.11.26"]
[SourceVersion "1"]
[SourceVersionDate "2011.11.26"]
[SourceQuality "1"]

1. e4 d6 2. d4 Nf6 3. f3 Nc6 4. Be3 e5 5. d5 Ne7 6. Qd2 Ng6 7. c4 Be7 8. Ne2 Nh5 9. Nbc3 h6 10. g4 Bh4+ 11. Kd1 Nhf4 12. Ng3 h5 13. Nf5 Bf6 14. c5 Nh4 15. cxd6 cxd6 16. Bxf4 exf4 17. Qxf4 Be5 18. Qe3 hxg4 19. f4 Bf6 20. Nxd6+ Qxd6 21. e5 Nf5 22. Qe1 Qb6 23. exf6+ Kf8 24. fxg7+ Kxg7 25. Bd3 Ne3+ 26. Kc1 Rh3 27. Rg1 Rxh2 28. Rg3 Qxb2# 0-1

[Event "Eastern Ontario op"]
[Site "Ottawa CAN"]
[Date "2008.05.31"]
[Round "2"]
[White "Pacey, Kevin"]
[Black "Ferreira, Alex"]
[Result "1-0"]
[WhiteElo "2260"]
[BlackElo "1993"]
[PlyCount "107"]
[GameId "2160767910354504"]
[EventDate "2008.05.30"]
[EventType "swiss"]
[EventRounds "5"]
[EventCountry "CAN"]
[SourceTitle "EXT 2011"]
[Source "ChessBase"]
[SourceDate "2011.11.26"]
[SourceVersion "1"]
[SourceVersionDate "2011.11.26"]
[SourceQuality "1"]

1. d4 d5 2. Nf3 c6 3. c4 dxc4 4. e3 b5 5. a4 a6 6. axb5 cxb5 7. b3 cxb3 8. Bxb5+ Bd7 9. Bxd7+ Nxd7 10. Qxb3 Ngf6 11. Nc3 e6 12. O-O Be7 13. Ba3 O-O 14. Qb7 Bxa3 15. Rxa3 Qe7 16. Rxa6 Rab8 17. Qc7 Qb4 18. Qa5 Rfc8 19. Qxb4 Rxb4 20. Ra3 h6 21. Nd2 Nb6 22. Rb1 Nc4 23. Rxb4 Nxa3 24. Rb3 Nc4 25. Nxc4 Rxc4 26. Kf1 e5 27. dxe5 Ng4 28. e6 fxe6 29. h3 Ne5 30. Ke2 Nc6 31. Kd2 Kf7 32. Rb7+ Kf6 33. Rc7 h5 34. f4 Na5 35. Rxc4 Nxc4+ 36. Kd3 Na5 37. Ne4+ Kf5 38. Nd6+ Kf6 39. Ke4 Nb3 40. Nc4 Nc5+ 41. Kf3 g5 42. Nd6 gxf4 43. exf4 Nd3 44. Ne4+ Kg6 45. Ke3 Ne1 46. g3 Kf5 47. Nd6+ Kf6 48. Ke4 Ke7 49. Nc4 Kf6 50. Na3 Kg6 51. Nb5 Kf6 52. Nd4 Kf7 53. Ke3 h4 54. Ke2 1-0

[Event "Eastern Ontario op"]
[Site "Ottawa CAN"]
[Date "2008.05.31"]
[Round "2"]
[White "Xiong, Jerry"]
[Black "Zeromskis, Egidijus"]
[Result "0-1"]
[WhiteElo "2151"]
[BlackElo "2154"]
[PlyCount "72"]
[GameId "2160767910354505"]
[EventDate "2008.05.30"]
[EventType "swiss"]
[EventRounds "5"]
[EventCountry "CAN"]

1. e4 Nf6 2. Nc3 d5 3. exd5 Nxd5 4. Nxd5 Qxd5 5. d4 Nc6 6. Be3 e5 7. Nf3 Bg4 8. Be2 exd4 9. c3 O-O-O 10. Nxd4 Bxe2 11. Qxe2 Nxd4 12. Bxd4 c5 13. Be5 Qxg2 14. Rf1 Qg5 15. Qe3 Qxe3+ 16. fxe3 f6 17. Bf4 Be7 18. Ke2 Kd7 19. h4 g6 20. Kf3 Ke6 21. Rad1 Rxd1 22. Rxd1 Rd8 23. Rxd8 Bxd8 24. c4 Be7 25. Bg3 h5 26. Ke4 g5 27. Kf3 Bd6 28. Bf2 g4+ 29. Ke2 Bh2 30. e4 b6 31. Be1 Ke5 32. Ke3 Bg1+ 33. Kd3 Kf4 34. b3 Bd4 35. b4 Kf3 36. a4 g3 0-1

[Event "Eastern Ontario op"]
[Site "Ottawa CAN"]
[Date "2008.05.31"]
[Round "3"]
[White "Pacey, Kevin"]
[Black "Sambuev, Bator"]
[Result "0-1"]
[WhiteElo "2260"]
[BlackElo "2513"]
[PlyCount "50"]
[GameId "2160767910354506"]
[EventDate "2008.05.30"]
[EventType "swiss"]
[EventRounds "5"]
[EventCountry "CAN"]
[SourceTitle "EXT 2011"]
[Source "ChessBase"]
[SourceDate "2011.11.26"]
[SourceVersion "1"]
[SourceVersionDate "2011.11.26"]
[SourceQuality "1"]

1. d4 d5 2. c4 c6 3. cxd5 cxd5 4. Nf3 Nc6 5. Nc3 Nf6 6. Bf4 Ne4 7. e3 Nxc3 8. bxc3 g6 9. Be2 Bg7 10. O-O O-O 11. Rc1 Na5 12. Nd2 Be6 13. c4 dxc4 14. Nxc4 Rc8 15. Qa4 Nxc4 16. Bxc4 Bxc4 17. Rxc4 Qd5 18. Rxc8 Rxc8 19. Qxa7 h5 20. Bc7 b5 21. Rc1 e5 22. Qa6 Qd7 23. Qc6 Qxc6 24. Rxc6 exd4 25. f4 dxe3 0-1